000 00694nam a2200229Ia 4500
001 6041
003 GE_BSU
008 181216s||||||||xx |||||||||||||| ||und||
040 _cGE_BSU
080 _a821.353.1-31
100 _aავალიანი, ლადო
245 _aახალი ჰორიზონტი. წიგნი II.
245 _bრომანი
245 _cრედ. ს. ჩიქოვანი
260 _aთბილისი
260 _bსაბჭოთა მწერალი
260 _c1954
300 _a335გვ. 17სმ.
653 _aახალი ჰორიზონტი
653 _aრომანი
942 _cBK
999 _c39448
_d39448